书目信息 |
| 题名: |
精密仪器仪表机构设计
|
|
| 作者: | 解兰昌 编著 | |
| 分册: | ||
| 出版信息: | 杭州 浙江大学出版社 1997.11 |
|
| 页数: | 213页 | |
| 开本: | 16开 | |
| 丛书名: | ||
| 单 册: | ||
| 中图分类: | TH702 | |
| 科图分类: | ||
| 主题词: | 仪器 , 仪表 , 仪表装置 | |
| 电子资源: | ||
| ISBN: | 7-308-01973-X | |
| 000 | 00614nam0 2200217 45 | |
| 001 | 0010031631 | |
| 005 | 20001003164137.9 | |
| 010 | @a7-308-01973-X@d14.00元 | |
| 100 | @a20001003d1997 km y0chiy0120 ea | |
| 101 | 0 | @achi |
| 105 | @a z 000yy | |
| 200 | 1 | @a精密仪器仪表机构设计@AJing Mi Yi Qi Yi Biao Ji Gou She Ji@f解兰昌等编著@FJie Lan Chang Deng Bian Zhu |
| 210 | @a杭州@c浙江大学出版社@d1997.11 | |
| 215 | @a213页@d16开 | |
| 606 | 0 | @a仪器 |
| 606 | 0 | @a仪表 |
| 606 | 0 | @a仪表装置 |
| 690 | @aTH702@v3 | |
| 701 | 0 | @a解兰昌@4编著 |
| 801 | @aCN@bPftUser@c20001003 | |
| 905 | @b170011-020@dTH702@eX145@f10 | |
| 精密仪器仪表机构设计/解兰昌等编著.-杭州:浙江大学出版社,1997.11 |
| 213页;16开 |
| ISBN 7-308-01973-X:14.00元 |
| ● |
| 相关链接 |
|
|
|
正题名:精密仪器仪表机构设计
索取号:TH702/X145
 
预约/预借
| 序号 | 登录号 | 条形码 | 馆藏地/架位号 | 状态 | 备注 |
| 1 | 170011 | 201700114 | 期刊室512/501自科库 135排3列4层/ [索取号:TH702/X145] | 在馆 | |
| 2 | 170012 | 201700123 | 期刊室512/501自科库 135排3列4层/ [索取号:TH702/X145] | 在馆 | |
| 3 | 170013 | 201700132 | 期刊室512/501自科库 135排3列4层/ [索取号:TH702/X145] | 在馆 | |
| 4 | 170014 | 201700141 | 期刊室512/501自科库 135排3列4层/ [索取号:TH702/X145] | 在馆 | |
| 5 | 170015 | 201700150 | 期刊室512/501自科库 135排3列4层/ [索取号:TH702/X145] | 在馆 | |
| 6 | 170016 | 201700169 | 期刊室512/501自科库 135排3列4层/ [索取号:TH702/X145] | 在馆 | |
| 7 | 170017 | 201700178 | 期刊室512/501自科库 135排3列4层/ [索取号:TH702/X145] | 在馆 | |
| 8 | 170018 | 201700187 | 自科库501/501自科库 135排3列5层/ [索取号:TH702/X145] | 在馆 | |
| 9 | 170019 | 201700196 | 自科库501/501自科库 135排3列5层/ [索取号:TH702/X145] | 在馆 | |
| 10 | 170020 | 201700203 | 期刊室512/501自科库 135排3列4层/ [索取号:TH702/X145] | 在馆 |